Central Library OPAC University of Rajshahi

কথাসাহিত্য-জিজ্ঞাসা / (Record no. 53874)

MARC details
000 -LEADER
fixed length control field 00941nam a2200229 a 4500
001 - CONTROL NUMBER
control field 53874
003 - CONTROL NUMBER IDENTIFIER
rucl marc code BD-RjUL
005 - DATE AND TIME OF LATEST TRANSACTION
control field 20211209080033.0
008 - FIXED-LENGTH DATA ELEMENTS--GENERAL INFORMATION
fixed length control field 161027s1961 ii ||||| |||| 00| 0 ben d
020 ## - INTERNATIONAL STANDARD BOOK NUMBER
Terms of availability : IRs.6.00
035 ## - SYSTEM CONTROL NUMBER
System control number (BD-RjUL)53996
040 ## - CATALOGING SOURCE
Original cataloging agency BD-RjUL
Language of cataloging ben
Transcribing agency BD-RjUL
Modifying agency BD-RjUL
041 ## - LANGUAGE CODE
Language code of text/sound track or separate title ben
082 ## - DEWEY DECIMAL CLASSIFICATION NUMBER
Edition number 23
Classification number 891.4409
Author mark and year MUK 1961
100 ## - MAIN ENTRY--PERSONAL NAME
Personal name মুখোপাধ্যায়, অরুণকুমার
9 (RLIN) 121303
245 10 - TITLE STATEMENT
Title কথাসাহিত্য-জিজ্ঞাসা /
Statement of responsibility, etc. অরুণকুমার মুখোপাধ্যায়
260 ## - PUBLICATION, DISTRIBUTION, ETC. (IMPRINT)
Place of publication, distribution, etc. কলকাতা :
Name of publisher, distributor, etc. করুণা প্রকাশনী,
Date of publication, distribution, etc. ১৯৬১ [১৩৬৮]
300 ## - PHYSICAL DESCRIPTION
Pagination ১৬৮ পৃ. ;
Size ২১ সেমি.
650 ## - SUBJECT ADDED ENTRY--TOPICAL TERM
Topical term or geographic name as entry element বাংলা সাহিত্য
Form subdivision ইতিহাস ও সমালোচনা
9 (RLIN) 145715
Topical term or geographic name as entry element Bengali Literature
Form subdivision History and Criticism
9 (RLIN) 145716
942 ## - ADDED ENTRY ELEMENTS (KOHA)
Source of classification or shelving scheme Dewey Decimal Classification
Koha item type Books
Holdings
Lost status Source of classification or shelving scheme Damaged status Not for loan Collection code Permanent Location Current Location Shelving location Date acquired Source of acquisition Cost, normal purchase price Total Checkouts Full call number Date last seen Copy number Koha item type Date checked out
  Dewey Decimal Classification     Non-fiction Central Library, University of Rajshahi Central Library, University of Rajshahi   12/01/1965 Dhaka, Ideal library 6.75   B 891.4409 MUK 1961 27/10/2016 C-3 Books  
  Dewey Decimal Classification     Non-fiction Central Library, University of Rajshahi Central Library, University of Rajshahi   17/02/1967 Nowrose, Dhaka. 7.50 1 B 891.4409 MUK 1961 02/04/2018 C-2 Books 29/03/2018
  Dewey Decimal Classification   Not For Loan Non-fiction Central Library, University of Rajshahi Central Library, University of Rajshahi Reading Room 12/01/1965 Ideal library 6.75   B 891.4409 MUK 1961 31/12/2016 C-1 Books